000 00609nam a2200229Ia 4500
003 OSt
005 20220928142401.0
006 a|||||r|||| 00| 0
007 ta
008 220927b |||||||| |||| 00| 0 eng d
024 _a19472
037 _cTextual
040 _aSDCL
_cSDCL
_beng
041 _2eng
_aeng
082 _aX:89K, L7
100 _aSewell W R Derrick Ed.
_9503456
245 0 _aPublic participation in planning
260 _c1977
700 _a Coppock J T Ed.
_9503457
942 _hX:89K, L7
_cTEXL
_2CC
999 _c821642
_d821642